[Event "Final Argentina Superior 2006"]
[Site "?"]
[Date "2006.04.28"]
[Round "3.2"]
[White "Perelman, Hernan"]
[Black "Valerga, Diego"]
[Result "0-1"]
[WhiteElo "2210"]
[BlackElo "2470"]
[Annotator "de Dovitiis Alejo"]
[PlyCount "52"]
[EventDate "2006.??.??"]

1. d4 Nf6 2. c4 e6 3. g3 {Aca tambien el blanco invita a su contrincante a
jugar la apertura Catalana pero las negras tenian otros planes.} 3... Bb4+ {
Llamada por algunos como Bogocatalana pero que tambien da lugar a que el
blanco retorna a una defensa Nimzoindia.} 4. Bd2 (4. Nc3 {
Seria la variante del fianchetto usada por Kasparov a fines de los 80.}) 4...
c5 {Una idea popularizada principalmente por el eterno Korchnoi.} 5. Bxb4 cxb4
6. Bg2 O-O 7. e4 {La ventaja ?o desventaja? de no haber sacado el caballo rey.}
7... d6 8. Ne2 e5 9. O-O (9. dxe5 dxe5 10. Qxd8 Rxd8 {
es preferible para las negras aunque prima la paridad.}) 9... Re8 10. Re1 a5 {
Las negras demoran la salida de su caballo de b8 siguiendo una idea de
partidas deNissipeanu} 11. a3 Na6 12. axb4 Nxb4 $146 {
Una novedad sensata, a las negras no les ha ido bien con la toma de peon:} (
12... axb4 13. Nd2 Qb6 14. c5 $1 dxc5 15. Nc4 Qe6 16. d5 Qe7 17. f4 exf4 18.
Nxf4 $44 {Ponomarenko,V-Selin,O/Tula 2002}) 13. Na3 Bd7 14. Qd2 h5 {
Las negras hacen un tiro por el otro flanco pero ello no es claro.} 15. Nc3 Rc8
16. Rad1 h4 17. Qg5 hxg3 18. hxg3 Qe7 $11 19. f4 exd4 20. Rxd4 Rc5 21. e5 dxe5
22. Rxe5 Rxe5 23. Qxe5 Qd8 24. Qc5 Re1+ 25. Bf1 b6 {Diagrama #} 26. Qg5 Rxf1+
0-1

[Event "Final Argentina Superior 2006"]
[Site "?"]
[Date "2006.04.28"]
[Round "3.3"]
[White "Blit, Jacques"]
[Black "Felgaer, Ruben"]
[Result "0-1"]
[WhiteElo "2246"]
[BlackElo "2580"]
[Annotator "de Dovitiis Alejo"]
[PlyCount "78"]
[EventDate "2006.??.??"]

1. e4 d6 2. d4 Nf6 3. Nc3 c6 {Las negras se apartan de la Pirc tradicional y
pasan a un esquema de defensa Moderna el cual podria mutar a una defensa
Phillidor.} 4. g3 b5 (4... e5 {estaria en los terrenos de la Phillidor.}) 5.
Bg2 (5. a3 a6 6. Bg2 Qc7 7. Nge2 e5 8. O-O h5 $5 9. Bg5 Nh7 10. Be3 h4 11. f4 {
Vrbljanac,A-Kovacevic,D/Pancevo 2005.}) 5... e5 6. a3 $146 (6. Nge2 {
Luce mas normal pero el blanco tiene una idea en mente.}) 6... Nbd7 {
Permite la siguiente demostracion central de su rival.} (6... a6 $5 {y si} 7.
d5 c5) 7. d5 $5 Bb7 8. dxc6 Bxc6 9. Nge2 Be7 10. O-O O-O {
Ha quedado un esquema similar al siciliano.} 11. Nd5 Nb6 12. Nxb6 (12. Nxe7+
Qxe7 13. Bg5 h6 14. Bxf6 Qxf6 15. Nc3 Nc4 $132) 12... Qxb6 13. Nc3 h6 {
Previene Bg5.} 14. Re1 Rac8 15. Be3 Qb7 16. Nd5 Bxd5 17. exd5 Bd8 18. Qd3 Bb6
19. Bh3 $6 (19. Qxb5 Rxc2 20. a4 {era interesante.}) 19... Rc4 20. b3 e4 21.
Qe2 Rc3 22. Qxb5 Rxc2 23. Bxb6 Rc5 24. Qb4 Qxb6 25. Qxb6 axb6 26. Bg2 Re8 27.
Rad1 Rc3 28. Re3 Rxe3 29. fxe3 Rc8 $1 $17 {
Tras los canjes las negras obtienen la unica columna abierta con ventaja.} 30.
Rd4 Rc1+ 31. Kf2 Ng4+ 32. Ke2 Rc2+ 33. Rd2 Rc3 34. Rd4 f5 35. Bh3 Nxe3 36. Rb4
Nxd5 37. Rb5 Rc2+ 38. Ke1 Nc3 39. Rxb6 e3 {Diagrama #} 0-1

[Event "Final Argentina Superior 2006"]
[Site "?"]
[Date "2006.04.28"]
[Round "3.4"]
[White "Peralta, Fernando"]
[Black "Amura, Claudia"]
[Result "1-0"]
[WhiteElo "2524"]
[BlackElo "2368"]
[Annotator "de Dovitiis Alejo"]
[PlyCount "83"]
[EventDate "2006.??.??"]

1. d4 {NotiChess} 1... d5 2. c4 e5 {Amura insiste con el peligroso
contragambito Albin, con el cual no le fue muy bien en el reciente Mundial
Femenino pero que va acorde a su estilo arriesgado.} 3. dxe5 d4 4. Nf3 Nc6 5.
a3 Nge7 {Las negras pretenden recuperar pronto al peon cedido.} 6. b4 Ng6 7.
Bb2 a5 8. b5 Ncxe5 9. Nxe5 Nxe5 10. e3 Be6 11. Bxd4 Nxc4 12. Qc2 Nd6 13. Bd3
Qg5 14. O-O $1 $146 {Una novedad de punta en busca del triunfo.} (14. f4 Qh4+
15. g3 Qh5 16. Nc3 Nf5 17. O-O O-O-O $13 {Topalov,V-Morozevich,A/MonteCarlo2005
}) 14... Nxb5 $2 {Osada por demas.} 15. Bb2 Bd6 16. f4 Qd5 17. Rc1 {Diagrama #}
17... c6 18. f5 O-O-O {
Las negras buscan zafar de una situacion en extremo dificultosa.} (18... Bd7
19. Be4) (18... Bc8 19. Be4) 19. fxe6 Qh5 20. h3 $18 fxe6 21. Nd2 Bc7 22. Bxb5
Qxb5 23. Bd4 Qd5 24. Nc4 Kb8 25. Rab1 {
las blancas tienen dominada la situacion con pieza de ventaja.} 25... c5 26.
Rb5 cxd4 27. Rxd5 exd5 28. Nd2 Rc8 29. exd4 Bb6 30. Qd1 Bxd4+ 31. Kh2 Rxc1 32.
Qxc1 Be5+ 33. g3 Rc8 34. Qd1 Rc3 35. Nf3 Bc7 36. Qxd5 Rxa3 37. Qg8+ Ka7 38.
Qxg7 Bb6 39. Ne5 Rc3 40. Nd7 Rc2+ 41. Kh1 Bf2 42. Qe5 1-0

[Event "Final Argentina Superior 2006"]
[Site "?"]
[Date "2006.04.28"]
[Round "3.5"]
[White "Malbran, Guillermo"]
[Black "Mahia, Gustavo"]
[Result "1/2-1/2"]
[WhiteElo "2308"]
[BlackElo "2427"]
[Annotator "de Dovitiis Alejo"]
[PlyCount "44"]
[EventDate "2006.??.??"]

1. e4 d6 2. d4 Nf6 3. Nc3 g6 4. g3 Bg7 5. Bg2 {Frente a la actualmente moderna
defensa Pirc, las blancas han opuesto la solida y poco ambiciosa variante del
fianchetto.} 5... O-O 6. Nge2 c6 7. h3 Nbd7 {Las negras quieren hacer e5 sin
que el blanco pueda cambiar damas, lo cual no seria impensable en el estilo de
Malbran.} 8. O-O e5 9. dxe5 Nxe5 $146 {
Una novedad para ir en busca de algo mas pero que deja flojo al peon de d6.} (
9... dxe5 10. Be3 (10. b3 Re8 11. Be3 b5 12. Qd2 Bb7 13. Rad1 Qc7 14. Qd6 Qxd6
15. Rxd6 Bf8 16. Rd2 Nc5 17. f3 a5 18. Nc1 Ne6 19. N3e2 Bb4 20. c3 Bf8 21. Nd3
Nd7 22. Nf2 Nf6 23. Nd3 Nd7 {1/2-1/2 Polgar,J-Khalifman,A/Bali 2000}) 10... Qe7
11. Qd3 Nb6 (11... Nc5 12. Qc4) 12. Rfd1 Be6 $36 {
Ujhazi,I-Antunac,G/Dravograd 1963}) 10. b3 Re8 11. Be3 Qc7 12. f4 Ned7 13. Qd2
Nb6 $6 14. a4 $1 a5 15. Bd4 $14 Nbd7 16. g4 Bf8 17. Ng3 h6 18. Rae1 Bg7 19. Qf2
Nf8 {Las negras se hallan muy apretadas.} 20. e5 dxe5 21. Bxe5 Qd8 22. g5 N6h7
{Diagrama #} 1/2-1/2

[Event "Final Argentina Superior 2006"]
[Site "?"]
[Date "2006.04.29"]
[Round "4.1"]
[White "Amura, Claudia"]
[Black "Malbran, Guillermo"]
[Result "1-0"]
[WhiteElo "2368"]
[BlackElo "2308"]
[Annotator "de Dovitiis Alejo"]
[PlyCount "81"]
[EventDate "2006.??.??"]

1. d4 Nf6 2. c4 c5 3. Nf3 cxd4 {Las negras, viendo que su favorito gambito
Volga sera impedido a ultranza, optan por pasar a otros esquemas.} (3... g6 4.
Nc3 Bg7 5. e4 {y la chance del Volga se ha esfumado.}) 4. Nxd4 e5 {Un gambito
e ha entrado en desuso pero con el cual Kasparov y otros obtuvieron muy buenos
dividendos en los anos 80.} (4... b6) (4... g6) (4... Nc6 {
eran opciones viables.}) 5. Nb5 d5 6. cxd5 Bc5 (6... Nxd5 $4 7. Qxd5 Qxd5 8.
Nc7+) 7. N5c3 O-O 8. h3 (8. e3 {es la tradicional.}) 8... e4 9. g4 {Temeraria d
emostracion en plena apertura y con desventaja de desarrollo pero tendiente a
atacar al peon e4 de las negras.} (9. e3 Nbd7 10. a3 Nb6 11. b4 Bd6 12. Ra2
Nbxd5 13. Nxd5 Nxd5 14. Bc4 Nb6 $15 {
Van Hoolandt,P-Andres Gonzalez,A/San Sebastian ESP 2005}) 9... Qe7 (9... e3 10.
Bxe3 Bxe3 11. fxe3 Qe7 12. Bg2 Qxe3 13. Qd3 Qc1+ 14. Kf2 Qxb2 15. Nd2 Qb6+ 16.
Qe3 $16 {Dorfman,J-Degraeve,J/Val d'Isere 2002}) 10. Bg2 $146 {
Las blancas insisten en la caza del peon.} (10. e3 Rd8 11. Bg2 Be6 12. Qc2 Nxd5
13. a3 Nc6 14. Qxe4 Nf6 15. Qf4 Bd6 $36 {
Van Hoolandt,P-Calzetta Ruiz,M/Genova 2004}) 10... h6 11. Nd2 (11. Be3 $5 Bxe3
12. fxe3 Nbd7 13. Qd4) 11... Bxf2+ {Malbran ofrece tablas, pero con 2 minutos
contra 46 era poco probable que le aceptasen.} (11... e3) 12. Kxf2 e3+ 13. Kg1
exd2 14. Bxd2 Qc5+ 15. e3 Nbd7 16. Rc1 Qb6 17. Qb3 $2 (17. Qc2 Nc5 18. Ne2)
17... Qxb3 18. axb3 Nc5 19. Rd1 (19. b4 Nb3 20. Rd1) 19... Nxb3 20. Be1 Bd7 {
Las negras ya respiran por sus medios pero el tiempo no les favorece.} 21. e4
Rac8 22. e5 Nh7 23. Bf1 Na5 24. Rd4 Nb3 {Los peones blancos son amenazantes
pero las piezas negras han cobrado algo de vida.} 25. Rc4 Rxc4 26. Bxc4 Nd4 27.
Kg2 b5 28. Bd3 b4 29. Ne4 a5 30. Bf2 Bb5 31. Bb1 Nb3 32. Nd6 Bd7 33. Re1 Nd2
34. Bd3 $16 {Reorganizada la posicion blanca y con el Nh7 apartado Amura
deberia ir por la ventaja.} 34... Ng5 35. Re2 Ndf3 36. Nxf7 Kxf7 37. e6+ Bxe6
38. dxe6+ Kf6 39. Bb5 Ne5 40. e7 Kxe7 41. Bc5+ {Diagrama #} 1-0

[Event "Final Argentina Superior 2006"]
[Site "?"]
[Date "2006.04.29"]
[Round "4.2"]
[White "Felgaer, Ruben"]
[Black "Peralta, Fernando"]
[Result "1/2-1/2"]
[WhiteElo "2580"]
[BlackElo "2524"]
[Annotator "de Dovitiis Alejo"]
[PlyCount "73"]
[EventDate "2006.??.??"]

1. e4 d6 2. d4 Nf6 3. Nc3 g6 4. f4 {La Pirc es la estrella de este Campeonato
y Peralta uno de sus adeptos, mientras que Felgaer no deja pasar la
oportunidad de plantear una variante agresiva.} 4... Bg7 5. Nf3 O-O (5... c5 6.
Bb5+ Bd7 7. e5 Ng4 8. Bxd7+ (8. e6 Bxb5 9. exf7+ Kd7 10. Nxb5 Qa5+ 11. Nc3 $13
{era una variante bastante de moda a fines de los 70.}) 8... Qxd7 (8... Nxd7 $2
9. e6 fxe6 10. Ng5) 9. d5 dxe5 10. h3 e4 (10... Nf6 11. fxe5 $16) 11. Nxe4 (11.
hxg4 exf3 12. Qxf3 Na6) 11... Nf6 12. Nxf6+ Bxf6 13. O-O O-O {
en ambos casos con un juego agil y de dificil pronostico.}) 6. Bd3 c5 7. d5 Na6
{La mejor casilla para el caballo en este esquema.} 8. O-O Bg4 9. h3 {
Un rapido pedido de explicaciones al alfil, el cual tiene su destino sellado.}
(9. Bc4 Nc7 10. h3 Bxf3 11. Qxf3 Nd7 12. a4 a6 {era otro camino a considerar.})
9... Bxf3 10. Rxf3 Nc7 11. a4 e6 12. dxe6 fxe6 13. f5 Nd7 14. fxg6 hxg6 15. Rg3
$146 {Novedad ofensiva, tal cual uno puede esperar de Ruben.} (15. Rxf8+ Qxf8
16. Nb5 Nxb5 17. axb5 Ne5 18. Be2 Qe7 19. Be3 b6 20. Qd2 Nf7 21. c3 Be5 22. Rf1
Bg7 23. Bf4 Be5 24. Be3 {1/2-1/2 Andresen,T-Trana,A/Norway 1997.}) 15... Ne5
16. Bg5 Bf6 17. Qd2 Bxg5 18. Rxg5 {Posicion extremadamente ardua de ser
valorada ya que el negro cuenta con un excelente caballo en e5 pero con un rey
con su enroque averiado, quizas las proximas jugadas arrojen luz sobre la
verdad en esta situacion.} 18... Qf6 19. Rf1 Qh8 20. Qe1 Rxf1+ 21. Bxf1 Rf8 22.
Qg3 Qf6 23. Be2 Qf4 $1 {El canje de damas asegura al negro un final un poco
superior pero Felgaer no se duerme.} 24. h4 $1 {Diagrama # Ultimatum: o el
negro cambia o el blanco podria llegar a mantener las damas. ?Canjeara
Fernando?} 24... Qxg3 {Peralta rechaza tablas} 25. Rxg3 Kg7 26. h5 Rf4 27. hxg6
a6 $1 {Impide un hipotetico Nb5.} 28. Rh3 Nxg6 29. Rd3 Ne8 30. Bh5 $1 Kh6 31.
g3 Rf8 $15 32. Bxg6 Kxg6 33. Ne2 $1 {Brillante recurso defensivo u ofensivo,
el caballo se quiere activar seriamente.} 33... e5 34. Rb3 Rf7 35. Nc3 Nf6 36.
Rb6 Rd7 37. Kf2 {Felgaer con mas tiempo, acepta las tablas.} 1/2-1/2

[Event "Final Argentina Superior 2006"]
[Site "?"]
[Date "2006.04.29"]
[Round "4.3"]
[White "Valerga, Diego"]
[Black "Blit, Jacques"]
[Result "1-0"]
[WhiteElo "2470"]
[BlackElo "2246"]
[Annotator "de Dovitiis Alejo"]
[PlyCount "53"]
[EventDate "2006.??.??"]

1. e4 c5 2. Nf3 e6 3. d4 cxd4 4. Nxd4 Nc6 5. Nc3 Nf6 {El joven Blit opta por
un orden en el cual su adversario ha obtenido muy buenos triunfos como por
ejemplo contra el MI Jorge Rosito en el Abierto de Ballester 2003.} 6. Nxc6
bxc6 7. e5 Nd5 8. Ne4 Qc7 9. f4 c5 $5 (9... Rb8 10. Bd3 Qb6 11. Qe2 Be7 12. c4
Bb4+ 13. Kf1 f5 14. exf6 Nxf6 15. Nxf6+ gxf6 16. Be3 Qa5 17. Kf2 Be7 18. c5 $1
d5 (18... Bxc5 19. Qh5+) 19. cxd6 Bxd6 20. Rhd1 Ke7 21. Kg1 $16 {
Adams,M-Radjabov,T/Enghien les Bains 2003}) (9... Qb6 10. c4 Bb4+ 11. Ke2 f5 {
es la linea crucial que se tiene por principal en este esquema.}) 10. c4 (10.
Nd6+ Bxd6 11. exd6 Qc6 12. Be2 c4 13. Qd4 O-O 14. Qxc4 Qxd6 15. O-O Bb7 {
no es en absoluto claro para alguno de los dos bandos: Heinz,T-Delorme,A/Nancy
2006}) 10... Nb6 11. Qd3 $146 {Interesante, las alternativas conocidas eran:} (
11. Bd3 Bb7 12. Qe2 (12. Qe2 Be7 13. b3 O-O-O 14. a4 f5 15. a5 fxe4 16. axb6
axb6 (16... exd3 $2 17. bxc7 dxe2 18. cxd8=Q+ Rxd8 19. Rg1 $18) 17. Bxe4 Bxe4
18. Qxe4 Qb7 19. Qxb7+ Kxb7 20. Bb2 Ra8 21. Ke2 Rhf8 22. Rxa8 Rxa8 23. Ra1 Rf8
24. g3 g6 25. h4 h5 {1/2-1/2 Petras,J-Georgiev,J/Harrachov 1967.}) (12. b3 d5
13. exd6 Bxd6 14. O-O Rd8 15. Qe2 Be7 16. Bb2 Qc6 17. Bc2 (17. Bxg7 $2 Rg8 18.
Bf6 (18. Nf6+ Bxf6 19. Bxf6 Rxg2+) 18... Rxd3 $1) 17... O-O $132 {
South,R-Coudari,C/Montreal 1973.}) 12... d5 13. exd6 Bxd6 14. O-O Rd8 15. b3
Be7 16. Bb2 Nd7 17. Bxg7 Rg8 18. Bb2 $16 {Zorko,J-Solic,K/Kostrena 2004}) 11...
Bb7 12. Be2 Be7 13. Nd6+ $1 Bxd6 (13... Kf8) 14. exd6 Qc8 15. O-O f5 16. Qg3
O-O 17. b3 {Abre una temible diagonal y juega contra las dos piezas menores
negras que, en este esquema suelen ser ineficientes.} 17... Qe8 18. Bf3 $3 {
Brillante concepto, reafirmando la habilidad de Diego para el cambio de piezas,
como lo hizo saber en su libro justamente titulado El cambio de piezas, de
reciente aparicion.} 18... Bxf3 19. Rxf3 $16 {Las negras no tienen caballo ya
que todas las rutas le seran cerradas, no me animo a decir ventaja decisiva
pero las blancas andan cerca de ello.} 19... Rc8 20. Bb2 Rf7 21. Rd1 Rc6 22.
Be5 a5 $1 {/\ a4 y de Nc8, a7, c6 y d4, lo que no es sencillo de realizar pero
vale la pena intentarlo aqui.} 23. Qg5 Nc8 24. Rh3 Qf8 25. Qh5 $1 $18 h6 (25...
g6 26. Qxg6+ hxg6 27. Rh8#) 26. Qg6 {Diagrama #} 26... Rxd6 27. Rxd6 {
Una definicion posicional exquisita.} 1-0

[Event "Final Argentina Superior 2006"]
[Site "?"]
[Date "2006.04.29"]
[Round "4.4"]
[White "Flores, Diego"]
[Black "Perelman, Hernan"]
[Result "1-0"]
[WhiteElo "2494"]
[BlackElo "2211"]
[Annotator "de Dovitiis Alejo"]
[PlyCount "77"]
[EventDate "2006.??.??"]

1. c4 Nf6 2. Nc3 c6 3. Nf3 d6 4. g3 e5 5. Bg2 Nbd7 6. O-O Be7 7. b4 O-O (7...
d5 8. b5 d4 9. bxc6 bxc6 10. Na4 Rb8 11. d3 c5 12. e3 O-O 13. exd4 cxd4 14. Re1
$16 {Azmaiparashvili,Z-Chekhov,V/Moscow 1986.}) (7... a6 8. Qb3 O-O 9. d3 Re8
10. Bb2 Bf8 11. a3 Rb8 12. Rac1 b6 13. d4 Bb7 14. dxe5 dxe5 15. Rfd1 Qe7 16.
Ng5 $14 {Fucak,E-Franic,M/Zadar 2005.}) 8. Bb2 $146 {Una novedad al estilo de
la apertura Inglesa tal cual es la ultima tendencia en el juego del conductor
de las piezas blancas.} (8. Rb1 Re8 9. d3 Bf8 10. e4 Nb6 11. Re1 Be6 12. h3 h6
{es un camino igualado.}) (8. b5 cxb5 9. Nxb5 Nb6 10. d3 e4 $13 {
Rotstein,A-Prokopchuk,E/Vienna 1995}) 8... Re8 9. d3 a6 10. a4 d5 11. cxd5 cxd5
12. Qb3 d4 {Las negras estan razonables pero, creo que Flores esta analizando
seriamente la posibilidad de sacrificar con 13 Ng5. Esperemos su movida a ver
si acierto.} 13. Nb1 (13. Ng5 $5 {!Parecia posible segun el inefable Fritz!}
13... dxc3 (13... Rf8 14. Nce4) 14. Nxf7 Qc7 15. Nh6+ Kh8 16. Qg8+ Rxg8 17.
Nf7#) 13... Qb6 14. b5 a5 15. Ba3 Bxa3 16. Nxa3 Nc5 17. Nc4 $1 {
Por la iniciativa, el negro no deberia entrar en los cambios masivos.} 17...
Nxb3 18. Nxb6 Nxa1 19. Nxa8 Nb3 20. Rb1 Nc5 21. Nb6 Nfd7 22. Nxc8 Rxc8 23. Bh3
$1 {Se saca el alfil ineficiente por un buen equino.} 23... Rd8 24. Bxd7 Rxd7 (
24... Nxd7 $2 25. Rc1 $16) 25. Rc1 Rd5 $8 {Pero las piezas negras penden de un
hilo. Si el blanco logra aprovechar eso el negro estara en serios
inconvenientes.} (25... b6 26. Nxe5 Re7 27. Nc4 Rxe2 28. Nxb6 Nxd3 29. Rc8+)
26. e4 $1 {Diagrama #} 26... dxe3 27. fxe3 f5 28. Nxe5 $1 g6 (28... Rxe5 29. d4
Rxe3 30. dxc5 $18) 29. d4 Nxa4 30. Rc8+ Kg7 31. Rc7+ Kh6 32. Rxb7 Nc3 33. b6
Rb5 34. Nf7+ Kh5 35. Nd6 Rb2 36. Rxh7+ Kg4 37. Rh4+ Kg5 38. b7 Rb1+ 39. Kf2 {
Las blancas ganan por tiempo pero su ventaja es abrumadora.} 1-0

[Event "Final Argentina Superior 2006"]
[Site "?"]
[Date "2006.04.29"]
[Round "4.5"]
[White "Campora, Daniel"]
[Black "Ricardi, Pablo"]
[Result "1/2-1/2"]
[WhiteElo "2552"]
[BlackElo "2515"]
[Annotator "de Dovitiis Alejo"]
[PlyCount "34"]
[EventDate "2006.??.??"]

1. Nf3 c5 2. c4 Nf6 3. Nc3 e6 4. g3 d5 5. cxd5 exd5 6. d4 Nc6 7. Bg2 Be7 8. O-O
O-O 9. Bg5 cxd4 10. Nxd4 h6 11. Be3 Re8 12. Nb3 Be6 (12... Bg4 $6 13. Nxd5 (13.
h3 Be6 14. Nb5 Qd7 {Brioschi,C-Orsi,M/Robecchetto 1999.}) 13... Nxd5 14. Bxd5
Qd7 (14... Bxe2 15. Bxf7+) 15. Bf3 $16 {Quiroga,F-Gamboa,J/Mar del Plata 1995.}
) 13. Nb5 $146 {Para bloquear al peon aislado.} (13. Bc5 Bxc5 14. Nxc5 Qe7 15.
Nxe6 Qxe6 16. e3 Rad8 17. Nb5 Qe5 $11 {Roth,R-Larsen,E/Copenhagen 1980.}) (13.
Nd4 Qd7 14. Nxe6 fxe6 15. Qa4 Red8 16. Rad1 Rac8 {
Kestler,H-Bartelborth,T/Germany 1984.}) 13... Qd7 14. Bc5 Bh3 {Una posicion
estandar donde el blanco quiere aprovechar al peon aislado negro y sus
casillas linderas, por lo general, bastante endebles.} 15. Rc1 Bxg2 16. Kxg2
Ne4 17. Bxe7 Rxe7 {Diagrama # Posicion donde el blanco esta un poco superior
pero el negro ha conservado los dos caballos que son las piezas mas idoneas
para defender una posicion con peon aislado.} 1/2-1/2

[Event "Final Argentina Superior 2006"]
[Site "?"]
[Date "2006.04.30"]
[Round "5.1"]
[White "Perelman, Hernan"]
[Black "Campora, Daniel"]
[Result "1/2-1/2"]
[WhiteElo "2211"]
[BlackElo "2552"]
[Annotator "de Dovitiis Alejo"]
[PlyCount "51"]
[EventDate "2006.??.??"]

1. d4 Nf6 2. c4 e6 3. g3 d5 4. Nf3 c5 5. cxd5 exd5 6. Bg2 Nc6 7. O-O Be7 8. Nc3
O-O 9. Bg5 cxd4 10. Nxd4 h6 11. Be3 Re8 12. Rc1 Bf8 13. Nxc6 {El plan blanco
es jugar contra el complejo c6 y d5 donde la suerte del juego negro depende de
poder llegar en buenas condiciones a c5.} (13. a3 Bg4 14. h3 Be6 15. Nxc6 bxc6
16. Bd4 Nh7 17. Na4 Qd7 18. h4 Bf5 19. Re1 Be4 20. Bc5 $14 Bxg2 21. Kxg2 Re4
22. e3 Qf5 23. Bxf8 Nxf8 24. Nc5 Re5 25. Nd3 Re6 26. Nf4 Rf6 27. Qd3 Qg4 28. f3
Qd7 29. e4 dxe4 {1/2-1/2 Gelfand,B-Grischuk,A/Biel 2001.}) (13. Qb3 Na5 14. Qc2
Bg4 15. h3 Bh5 16. Nf5 Rc8 17. g4 Bg6 18. Qd3 Nc4 19. Bxa7 Ne5 (19... b6 20.
Nxd5) 20. Qb5 $16 {Ilincic,Z-Blauert,J/Budapest 2005}) 13... bxc6 {Una posicion
tipica de la defensa Tarrasch, donde se recuerda como partida modelo
legendaria a Rubinstein - Salwe.} 14. Na4 Bd7 15. Bc5 Bg4 16. Re1 Bxc5 17. Nxc5
Qb6 18. h3 Bf5 19. Qd4 {Una casilla tematica que recuerda a la brillante
victoria de Kasparov sobre Illescas en Linares de los 90.} 19... Rab8 20. b3
Be4 21. e3 Bxg2 22. Kxg2 $14 {Las piezas se cambian pero el negro tiene que
lidiar con sus peones debiles bloqueados.} 22... Rbc8 23. Red1 Re7 24. Rc2 Qb8
25. Rdc1 Qd6 26. Rc4 {Las blancas tienen superioridad pero Hernan, que viene
desarrollando un buen ajedrez, tenia que cortar la serie adversa y que mejor
que frente a un ajedrecista de los pergaminos de su adversario.} 1/2-1/2

[Event "Final Argentina Superior 2006"]
[Site "?"]
[Date "2006.04.30"]
[Round "5.2"]
[White "Blit, Jacques"]
[Black "Flores, Diego"]
[Result "0-1"]
[WhiteElo "2246"]
[BlackElo "2494"]
[Annotator "de Dovitiis Alejo"]
[PlyCount "52"]
[EventDate "2006.??.??"]

1. d4 Nf6 2. Nf3 e6 3. c4 b6 {Se plantea la defensa India de Dama.} 4. g3 {
La variante del fianchetto es la mas popular en los ultimos anos.} 4... Ba6 5.
b3 Bb4+ 6. Bd2 Be7 7. Bg2 O-O 8. O-O d5 9. Ne5 c6 {Las negras refuerzan su
centro y se entra de lleno en una linea ultrateorica que se jugo mucho en el
Mundial de San Luis 2005.} 10. Bc3 Nfd7 11. Nxd7 Nxd7 12. Nd2 Rc8 13. e4 dxc4
14. bxc4 b5 15. cxb5 cxb5 16. Bb2 Nb6 $146 (16... b4 17. Re1 Qb6 18. Qb3 Bf6
19. e5 Bg5 20. Ne4 Be7 21. a3 Bc4 (21... bxa3 22. Qxb6 axb6 23. Bxa3 Bxa3 24.
Rxa3 Bc4 25. Nd6 $18) 22. Qa4 Rfd8 $11 {
TFritz41-THiarcs6G/Blitz:25' ,Forum 1997.}) (16... Qa5 17. f4 b4 18. Rf3 Bb7
19. a3 Qb6 20. axb4 Bxb4 21. Rb3 a5 $13 {
TFritz41-THiarcs6G/Blitz:5' ,Forum 1997.}) 17. Qb3 Na4 18. Rad1 Qa5 19. Ba1 b4
20. Bb2 {Cuesta creer que el blanco haya jugado asi. ?Habra Blit entregado la
calidad especulando con la pobre posicion del caballo a4? Veremos.} 20... Nc3
$1 (20... Bxf1 {era viable pero la textual es mas fuerte.}) 21. Ra1 Bxf1 22.
Bxf1 Qb6 23. Nf3 Nxe4 24. Re1 Nc3 25. Bc4 {Producto de un juego energico, la
posicion de las negras es abrumadoramente superior.} 25... Kh8 26. Bd3 Qc6 {
La dama viene a d5 y no queda nada por hacer. Se viene Flores, cuidado con el.}
0-1